00885nam a22002297a 450000500170000000800410001702000150005804000680007304100080014110000190014924501240016826000650029230000320035749000390038965000350042865000320046365000230049565000290051870000330054770000380058076500370061820180312141940.0130821s1997 mx a gr spa  a9681654358 aCO-BoUCMbspacJose A. Gerena (modificó)dAldemar Mondragón00aspa1 aFrench, Vivian10aCapitana Jennifer Aguamala JonescVivian French ; ilustraciones de Damián Ortega ; traducción María Teresa Solana aMéxico D.F. (México)bFondo de Cultura Económicac1997 a47 páginasbilustraciones0 aColección A la Orilla del Viento 7aLibros ilustrados para niños 7aLiteratura infantil inglesa 7aLiteratura inglesa 7aNiños en la literatura1 aOrtega, Damiáneilustrador1 aSolana, María Teresaetraductor tCaptain Jennifer Jellyfish Jones